2025/26 Premier League Monthly Awards - Statistics

General Stats
  • This quiz has been taken 10 times
  • The average score is 14 of 32
Answer Stats
Award Month Player % Correct
Player of the Month September 2025 Erling Haaland
100%
Manager of the Month March 2026 Mikel Arteta
89%
Player of the Month March 2026 Bruno Fernandes
78%
Save of the Month December 2025 David Raya
78%
Player of the Month November 2025 Igor Thiago
78%
Player of the Month January 2026 Igor Thiago
78%
Player of the Month February 2026 Antoine Semenyo
67%
Manager of the Month August 2025 Arne Slot
67%
Goal of the Month August 2025 Dominik Szoboszlai
67%
Manager of the Month February 2026 Pep Guardiola
67%
Manager of the Month November 2025 Enzo Maresca
56%
Save of the Month September 2025 Gianluigi Donnarumma
56%
Manager of the Month December 2025 Unai Emery
56%
Player of the Month December 2025 Dominic Calvert-Lewin
44%
Player of the Month October 2025 Bryan Mbeumo
33%
Save of the Month November 2025 Jordan Pickford
33%
Save of the Month February 2026 Jordan Pickford
33%
Save of the Month October 2025 Martin Dubravka
33%
Manager of the Month January 2026 Michael Carrick
33%
Manager of the Month September 2025 Oliver Glasner
33%
Save of the Month March 2026 Aaron Ramsdale
22%
Save of the Month January 2026 Alphonse Areola
22%
Goal of the Month February 2026 Dominic Solanke
22%
Goal of the Month October 2025 Emiliano Buendia
22%
Goal of the Month January 2026 Harrison Reed
22%
Goal of the Month December 2025 Harry Wilson
22%
Player of the Month August 2025 Jack Grealish
22%
Save of the Month August 2025 James Trafford
22%
Goal of the Month September 2025 Martin Zubimendi
22%
Manager of the Month October 2025 Ruben Amorim
22%
Goal of the Month November 2025 Tyler Adams
11%
Goal of the Month March 2026 William Osula
11%
No matching quizzes found
Score Distribution
Percent of People with Each Score
Percentile by Number Answered
Your Score History
You have not taken this quiz